| 000 | 00355nam a2200133Ia 4500 | ||
|---|---|---|---|
| 003 | PILC | ||
| 008 | 220421s2011 xx 000 0 und d | ||
| 040 | _cEARIST LIBRARY | ||
| 100 |
_aMc Murry,John _9507 |
||
| 245 | 0 | _aFundamental of organic chemistry / | |
| 260 |
_aBooks/cole cecage learning , _bAustralia : _c2011. |
||
| 999 |
_c1831 _d1831 |
||
| 942 |
_2ddc _cBK |
||